01151cam a2200313 i 4500001000300000003000900003005001700012008004100029020001600070020001600086040000800102041001300110080001600123080001800139245017800157260004500335300002100380490004000401500007600441655003000517655003000547700005600577700003600633700003700669830004000706942001200746999001700758952006200775bgKOSZ 00520200317104350.0050404s2005 pl g d |000 0 pol d a8360004005  a8360004013  cBPK0 apolaeng a811.111'374 a811.162.1'37400aSłownik polsko-angielski angielsko-polski z gramatyką /c[oprac. przez Tadeusza Piotrowskiego we współpr. z Adamem Sumerą ; gramatyka oprac. przez S. Brough et al.]. aWarszawa :bLangenscheidt Polska,c2005. a656 s. ;c23 cm.1 aBiblioteka Gazety Wyborczej ;vt. 1 aTyt. okł. i grzbiet.: Słownik.T. 1,polsko-angielski angielsko-polski. 4aSłownik polsko-angielski 4aSłownik angielsko-polski1 aPiotrowski, Tadeuszc(filologia angielska).eOprac.1 aSumera, Adamd(1955- ).eOprac.1 aBrough, Soniad(1953- ).eOprac. aBiblioteka Gazety Wyborczej ;vt. 1 cKS2UKD c46587d46587 00104071aBPKbBPKcco76625p02272320t0/9(03) E.LyKS